Hablamos la misma lengua. Historia política del español en América, desde la conquista a las independencias.

Kaydedildi:
Detaylı Bibliyografya
Yazar: Muñoz Machado, Santiago (autor)
Materyal Türü: Bilinmiyor
Dil:İngilizce
Baskı/Yayın Bilgisi: Buenos Aires, Argentina Crítica 2019
Edisyon:1a. edición en Argentina
Konular:
Etiketler: Etiketle
Etiket eklenmemiş, İlk siz ekleyin!

MARC

LEADER 00000 a2200000 4500
003 CL-VaPUC
005 20220613130718.0
008 210518b ||||| |||| 00| 0 eng d
999 |c 432951  |d 432949 
020 |a 9788417067359 
040 |c Pontificia Universidad Católica de Valparaíso 
082 |a  467.98 MUÑ 2019  
100 |a Muñoz Machado, Santiago  |e autor  |9 295515 
245 |a Hablamos la misma lengua.  |b Historia política del español en América, desde la conquista a las independencias. 
250 |a 1a. edición en Argentina  
260 |a Buenos Aires, Argentina   |b Crítica  |c 2019 
300 |a 826 páginas  
583 |k Cristina Rojas  |c 20210518 
650 |a Lengua española  |z América   |x Historia  |9 869320 
650 |a Lengua española   |x Aspectos políticos   |z América   |x Historia   |9 869318 
650 |a Lengua española   |x Provincialismos   |z América   |x Historia   |9 869319 
942 |2 ddc  |c BK 
952 |0 0  |1 0  |2 ddc  |4 0  |6 467_980000000000000_MUÑ_2019  |7 0  |8 A  |9 577791  |a BIBHIS  |b BIBHIS  |d 2021-05-18  |i 5621054  |o 467.98 MUÑ 2019  |p 5621054  |r 2025-01-20  |t c.1   |w 2021-05-18  |y BK  |k HIS